000 00570nam a2200181Ia 4500
008 100921s9999 xx 000 0 und d
082 _b29242
_a891.463 0
100 _aदेसाई अरूणा.
245 _aपालकदिन.
260 _bअक्षय प्रकाशन, पुणे.
_c0
300 _a113
_bरसिक साहित्य,पुणे
365 _b70
520 _aललित-कथा.
630 _aपालकदिन.
650 _aललित-कथा.
730 _aपालकदिन.
942 _cBOOK
999 _c778355
_d778352